[Event "CHN-chT"]
[Site "Liaocheng"]
[Date "2021.10.28"]
[Round "9.4"]
[White "Li, Shanglin B"]
[Black "Wu, Hao"]
[Result "0-1"]
[WhiteElo "2184"]
[BlackElo "1995"]
[PlyCount "72"]
[EventDate "2021.10.20"]
[EventType "team-swiss"]
[EventRounds "9"]
[EventCountry "CHN"]
[SourceTitle "CBM 204 Extra"]
[Source "ChessBase"]
[SourceDate "2021.11.30"]
[SourceVersion "1"]
[SourceVersionDate "2021.11.30"]
[SourceQuality "1"]
[WhiteTeam "Guangdong"]
[BlackTeam "Jiangsu"]
[WhiteTeamCountry "CHN"]
[BlackTeamCountry "CHN"]

1. d4 Nf6 2. c4 e6 3. Nc3 d5 4. Nf3 c6 5. e3 Nbd7 6. Be2 dxc4 7. Bxc4 b5 8. Be2 Bb7 9. 0-0 a6 10. Qc2 c5 11. Rd1 Rc8 12. dxc5 Bxc5 13. a3 Qc7 14. Bd2 Ng4 15. Ne4 f5 16. Neg5 Nde5 17. b4 Nxf3+ 18. Nxf3 Bxe3 19. Qxc7 Bxf2+ 20. Kf1 Rxc7 21. h3 Bb6 22. hxg4 fxg4 23. Bg5 0-0 24. Rd6 gxf3 25. Rxb6 fxe2+ 26. Kxe2 Rc2+ 27. Bd2 Bxg2 28. Rc1 Rxc1 29. Bxc1 Bd5 30. Rxa6 h5 31. Bg5 Rf5 32. Be7 g5 33. Rb6 h4 34. Ke3 h3 35. Bd6 e5 36. Rb8+ Kg7 0-1

[Event "CHN-chT"]
[Site "Liaocheng"]
[Date "2021.10.20"]
[Round "1.4"]
[White "Li, Shanglin B"]
[Black "Xiao, Tong"]
[Result "1/2-1/2"]
[WhiteElo "2184"]
[BlackElo "1990"]
[PlyCount "69"]
[EventDate "2021.10.20"]
[EventType "team-swiss"]
[EventRounds "9"]
[EventCountry "CHN"]
[SourceTitle "CBM 204 Extra"]
[Source "ChessBase"]
[SourceDate "2021.11.30"]
[SourceVersion "1"]
[SourceVersionDate "2021.11.30"]
[SourceQuality "1"]
[WhiteTeam "Guangdong"]
[BlackTeam "Shandong"]
[WhiteTeamCountry "CHN"]
[BlackTeamCountry "CHN"]

1. d4 Nf6 2. c4 e6 3. Nc3 Bb4 4. e3 0-0 5. Bd2 b6 6. Nf3 Bb7 7. Bd3 d6 8. 0-0 Nbd7 9. b3 c5 10. a3 Bxc3 11. Bxc3 Qe7 12. Bb2 Ne4 13. Nd2 f5 14. f3 Nxd2 15. Qxd2 Rad8 16. Qc2 Qg5 17. Rae1 Rde8 18. f4 Qg6 19. e4 fxe4 20. Bxe4 Bxe4 21. Qxe4 Qxe4 22. Rxe4 d5 23. Re3 cxd4 24. Bxd4 dxc4 25. bxc4 Rf5 26. g3 Kf7 27. Rd1 Re7 28. Bc3 g5 29. fxg5 Rxg5 30. Rf1+ Rf5 31. Rxf5+ exf5 32. Kf2 Re6 33. Kf3 Rc6 34. Bb4 Kf6 35. Bc3+ 1/2-1/2

[Event "China zt 3.5"]
[Site "Shaoxing"]
[Date "2021.05.28"]
[Round "6"]
[White "Zhao, Chenxi"]
[Black "Li, Shanglin B"]
[Result "1-0"]
[WhiteElo "2387"]
[BlackElo "2190"]
[PlyCount "115"]
[EventDate "2021.05.23"]
[EventType "swiss"]
[EventRounds "9"]
[EventCountry "CHN"]
[SourceTitle "CBM 202 Extra"]
[Source "ChessBase"]
[SourceDate "2021.07.31"]
[SourceVersion "1"]
[SourceVersionDate "2021.07.31"]
[SourceQuality "1"]

1. e4 c6 2. d4 d5 3. f3 e6 4. Nc3 Qb6 5. Nge2 Nf6 6. Qd3 c5 7. exd5 cxd4 8. Nxd4 Nxd5 9. Nxd5 exd5 10. Qb5+ Bd7 11. Qxb6 axb6 12. Nb5 Bxb5 13. Bxb5+ Nc6 14. a3 Bb4+ 15. c3 Bc5 16. b4 Bd6 17. Be3 Bc7 18. 0-0-0 0-0-0 19. Kc2 Rhe8 20. Bf2 Re6 21. Bh4 f6 22. Bf2 Re5 23. f4 Re7 24. g3 g6 25. Rd2 Re6 26. Rhd1 Ne7 27. Bf1 f5 28. Bg2 Red6 29. Bf3 Kb8 30. c4 Rc6 31. Be2 Rc8 32. b5 Re6 33. Kb3 dxc4+ 34. Bxc4 Re4 35. Rd7 Ng8 36. Bd4 Re7 37. Rxe7 Nxe7 38. Bf6 Ng8 39. Bg5 Rf8 40. Rd7 Nf6 41. Bxf6 Rxf6 42. Rxh7 Bd6 43. Rf7 Rxf7 44. Bxf7 Bc5 45. Bxg6 Bg1 46. h4 Bf2 47. h5 Bxg3 48. h6 Bxf4 49. h7 Be5 50. Kc4 f4 51. Kd5 Bb2 52. Ke6 Kc7 53. Bd3 f3 54. Kf7 Kd6 55. Kg8 Kc5 56. h8Q Bxh8 57. Kxh8 f2 58. Kg7 1-0

[Event "China zt 3.5"]
[Site "Shaoxing"]
[Date "2021.05.25"]
[Round "3"]
[White "Li, Shanglin B"]
[Black "Liu, Yan"]
[Result "0-1"]
[WhiteElo "2190"]
[BlackElo "2524"]
[PlyCount "104"]
[EventDate "2021.05.23"]
[EventType "swiss"]
[EventRounds "9"]
[EventCountry "CHN"]
[SourceTitle "CBM 202 Extra"]
[Source "ChessBase"]
[SourceDate "2021.07.31"]
[SourceVersion "1"]
[SourceVersionDate "2021.07.31"]
[SourceQuality "1"]

1. d4 Nf6 2. c4 e6 3. Nc3 Bb4 4. Bd2 b6 5. Nf3 Bb7 6. e3 0-0 7. Bd3 d6 8. a3 Bxc3 9. Bxc3 Nbd7 10. 0-0 Ne4 11. Bxe4 Bxe4 12. Qe2 f5 13. Rfd1 Qe8 14. Nd2 Bb7 15. f3 e5 16. Qf2 Qf7 17. b3 Rfe8 18. Re1 a5 19. Bb2 h6 20. a4 Re7 21. Ba3 Rae8 22. Rad1 Qf6 23. Bb2 Qg6 24. Ba3 Kh7 25. d5 Nf6 26. e4 Bc8 27. Kh1 Rf7 28. Qg3 Qh5 29. exf5 Bxf5 30. Bb2 g5 31. Re3 Qg6 32. Qe1 Ref8 33. g4 Bxg4 34. fxg4 Nxg4 35. Re2 Nf2+ 36. Rxf2 Rxf2 37. Bc3 Qh5 38. Qg1 Rxh2+ 39. Qxh2 Qxd1+ 40. Qg1 Qe2 41. Qg2 Qe1+ 42. Qg1 Qe2 43. Qg2 Rf2 44. Qe4+ Qxe4+ 45. Nxe4 Re2 46. Nd2 Re3 47. Nb1 h5 48. Kg2 h4 49. Bd2 Rxb3 50. Nc3 g4 51. Ne4 Kg6 52. Be1 Re3 0-1

[Event "Cappelle Online Blitz op"]
[Site "Europe Echecs INT"]
[Date "2021.03.07"]
[Round "2"]
[White "Li, Shanglin B"]
[Black "Demchenko, Anton"]
[Result "0-1"]
[WhiteElo "2190"]
[BlackElo "2610"]
[PlyCount "66"]
[EventDate "2021.03.07"]
[EventType "swiss (blitz)"]
[EventRounds "11"]
[EventCountry "FRA"]
[SourceTitle "CBM 201 Extra"]
[Source "ChessBase"]
[SourceDate "2021.05.31"]
[SourceVersion "1"]
[SourceVersionDate "2021.05.31"]
[SourceQuality "1"]

1. d4 Nf6 2. c4 e6 3. Nc3 d5 4. cxd5 exd5 5. Bg5 Be7 6. e3 Nbd7 7. Bd3 c6 8. Nf3 0-0 9. 0-0 Re8 10. Qc2 Nf8 11. Bxf6 Bxf6 12. b4 a6 13. h3 Be7 14. Rab1 Bd6 15. a4 Qf6 16. e4 Qh6 17. e5 Be7 18. b5 axb5 19. axb5 Ne6 20. bxc6 bxc6 21. Ne2 Bd7 22. Rb7 Rad8 23. Ra1 Bc8 24. Rb8 c5 25. Bb5 Rf8 26. Ra7 Ng5 27. Nh2 Bxh3 28. Rxd8 Bxd8 29. gxh3 Nxh3+ 30. Kg2 Nxf2 31. Qxc5 Ne4 32. Qxd5 Qg6+ 33. Kf3 Nd2+ 0-1

[Event "Cappelle Online Rapid op"]
[Site "Europe Echecs INT"]
[Date "2021.03.06"]
[Round "8"]
[White "Farthouat, Titoine"]
[Black "Li, Shanglin B"]
[Result "0-1"]
[WhiteElo "1652"]
[BlackElo "2190"]
[PlyCount "64"]
[EventDate "2021.03.06"]
[EventType "swiss (rapid)"]
[EventRounds "9"]
[EventCountry "FRA"]
[SourceTitle "CBM 201 Extra"]
[Source "ChessBase"]
[SourceDate "2021.05.31"]
[SourceVersion "1"]
[SourceVersionDate "2021.05.31"]
[SourceQuality "1"]

1. e4 c5 2. Nf3 e6 3. d4 cxd4 4. Nxd4 a6 5. c4 Nf6 6. Nc3 Qc7 7. Be3 b6 8. Be2 Bb7 9. f3 Be7 10. 0-0 0-0 11. Rc1 d6 12. Qe1 Nbd7 13. Qf2 Rac8 14. Rfd1 Qb8 15. b3 Bd8 16. Na4 Bc7 17. Nc2 d5 18. exd5 Bxh2+ 19. Kh1 exd5 20. f4 Ne4 21. Qf3 Bg3 22. cxd5 f5 23. Nb2 Ndf6 24. Nc4 Nxd5 25. Bg1 Nxf4 26. Qf1 Nxe2 27. Qxe2 Qf4 28. Be3 Qh4+ 29. Kg1 Bh2+ 30. Kf1 Ng3+ 31. Ke1 Nxe2+ 32. Kxe2 Qg4+ 0-1

[Event "Wch FIDE Online U12 Asia qual"]
[Site "Tornelo INT"]
[Date "2020.12.13"]
[Round "7"]
[White "Xiao, Tong"]
[Black "Li, Shanglin B"]
[Result "1-0"]
[WhiteElo "1913"]
[BlackElo "2190"]
[PlyCount "125"]
[EventDate "2020.12.11"]
[EventType "swiss (rapid)"]
[EventRounds "7"]
[EventCountry "ISS"]
[SourceTitle "EXT 2022"]
[Source "ChessBase"]
[SourceDate "2021.10.06"]
[SourceVersion "1"]
[SourceVersionDate "2021.10.06"]
[SourceQuality "1"]

1. e4 c6 2. d4 d5 3. Nc3 dxe4 4. Nxe4 Nf6 5. Ng3 h5 6. h4 Bg4 7. Nf3 e6 8. Bg5 Nbd7 9. Qd2 Bd6 10. Bd3 Qc7 11. 0-0-0 0-0-0 12. Kb1 c5 13. Bb5 a6 14. Be2 Kb8 15. Qc1 Ka8 16. Rhe1 Rhe8 17. Nf1 cxd4 18. Nxd4 Bxe2 19. Rxe2 Nc5 20. f3 Be7 21. Ne3 Ncd7 22. Red2 Nb6 23. Ne2 Rxd2 24. Rxd2 Nbd5 25. Nxd5 Nxd5 26. Bxe7 Qxe7 27. Rd4 Rc8 28. Qd2 Qc7 29. g3 Qe5 30. Re4 Qf6 31. Qd3 Qg6 32. Rc4 Rxc4 33. Qxc4 Kb8 34. a4 Qf5 35. Qb3 Qe5 36. Qd3 g6 37. c3 Kc7 38. Kc2 Ne3+ 39. Kb1 Nf5 40. g4 hxg4 41. fxg4 Nxh4 42. Nd4 Ng2 43. Qc4+ Kb8 44. Qb4 Qe4+ 45. Ka1 Qxg4 46. Nc6+ Kc7 47. Qxg4 bxc6 48. Qxg2 f5 49. Qxg6 f4 50. Qxe6 f3 51. Qf5 f2 52. Qxf2 Kd6 53. Qb6 Kd5 54. Qxa6 Ke4 55. Qxc6+ Kd3 56. a5 Kc2 57. a6 Kc1 58. a7 Kc2 59. a8Q Kc1 60. Qh1+ Kc2 61. Qa4+ Kd3 62. Qae4+ Kd2 63. Qhe1# 1-0

[Event "Wch FIDE Online U12 Asia qual"]
[Site "Tornelo INT"]
[Date "2020.12.12"]
[Round "3"]
[White "Anand, Batsukh"]
[Black "Li, Shanglin B"]
[Result "1/2-1/2"]
[WhiteElo "1965"]
[BlackElo "2190"]
[PlyCount "91"]
[EventDate "2020.12.11"]
[EventType "swiss (rapid)"]
[EventRounds "7"]
[EventCountry "ISS"]
[SourceTitle "EXT 2022"]
[Source "ChessBase"]
[SourceDate "2021.10.06"]
[SourceVersion "1"]
[SourceVersionDate "2021.10.06"]
[SourceQuality "1"]

1. d4 Nf6 2. c4 g6 3. Nc3 Bg7 4. e4 d6 5. Nf3 0-0 6. Be2 e5 7. 0-0 Nc6 8. d5 Ne7 9. Nd2 Nd7 10. b4 f5 11. c5 Nf6 12. a4 a5 13. bxa5 Rxa5 14. Nc4 Ra6 15. Ba3 Ne8 16. Nd2 Ra8 17. Nb5 dxc5 18. Bxc5 Nd6 19. Qc2 fxe4 20. Nxe4 Bf5 21. Bd3 Rc8 22. Ng5 Nxd5 23. Bxf5 Rxf5 24. Ne6 Qd7 25. Nxg7 Kxg7 26. Rad1 Nxb5 27. axb5 c6 28. Qe4 Qe6 29. bxc6 bxc6 30. Ra1 Rc7 31. Rfe1 Rcf7 32. Bd4 Nf6 33. Qe2 Re7 34. Bc5 Rd7 35. Ra8 Nd5 36. Qb2 Nf4 37. Qb8 Nh3+ 38. Kh1 Nxf2+ 39. Bxf2 Rxf2 40. Qh8+ Kh6 41. Ra3 Rf5 42. Rh3+ Kg5 43. Rg3+ Kh6 44. Rh3+ Kg5 45. Rg3+ Kh6 46. Rh3+ 1/2-1/2

[Event "Tianjin Binhai Cup 2nd"]
[Site "Tianjin"]
[Date "2020.01.18"]
[Round "9"]
[White "Li, Shanglin B"]
[Black "Ning, Kaiyu"]
[Result "1/2-1/2"]
[WhiteElo "2166"]
[BlackElo "2379"]
[PlyCount "85"]
[EventDate "2020.01.13"]
[EventType "swiss"]
[EventRounds "9"]
[EventCountry "CHN"]
[SourceTitle "CBM 194 Extra"]
[Source "ChessBase"]
[SourceDate "2020.03.31"]
[SourceVersion "1"]
[SourceVersionDate "2020.03.31"]
[SourceQuality "1"]

1. d4 d5 2. c4 e6 3. Nc3 a6 4. cxd5 exd5 5. Nf3 Nf6 6. Bg5 Be6 7. e3 Nbd7 8. Bd3 Bd6 9. Qc2 c6 10. 0-0 Qc7 11. Rfe1 h6 12. Bxf6 Nxf6 13. Bf5 Bxf5 14. Qxf5 0-0 15. h3 Bb4 16. Qc2 Rfe8 17. a3 Bd6 18. Nd2 Re7 19. Rac1 Rae8 20. Red1 Qd7 21. b4 Bb8 22. Qb3 Qd6 23. Nf1 Ne4 24. Nxe4 Rxe4 25. a4 b5 26. Qc3 R4e6 27. Rc2 Rg6 28. Rdc1 Qe7 29. Qb2 Rc8 30. Kh1 bxa4 31. Ra1 Qe4 32. f3 Qd3 33. Rc3 Qb5 34. Rc5 Qb6 35. Rxa4 Bd6 36. Rca5 Rb8 37. Qe2 Bxb4 38. Rxa6 Qd8 39. Ra2 Kh7 40. Rc2 Qd7 41. Qd3 Rc8 42. Rb2 Bd6 43. Rc2 1/2-1/2

[Event "Tianjin Binhai Cup 2nd"]
[Site "Tianjin"]
[Date "2020.01.16"]
[Round "6"]
[White "Cai, Youyang"]
[Black "Li, Shanglin B"]
[Result "0-1"]
[WhiteElo "2042"]
[BlackElo "2166"]
[PlyCount "66"]
[EventDate "2020.01.13"]
[EventType "swiss"]
[EventRounds "9"]
[EventCountry "CHN"]
[SourceTitle "CBM 194 Extra"]
[Source "ChessBase"]
[SourceDate "2020.03.31"]
[SourceVersion "1"]
[SourceVersionDate "2020.03.31"]
[SourceQuality "1"]

1. d4 Nf6 2. c4 g6 3. Nc3 Bg7 4. e4 d6 5. f3 0-0 6. Be3 Nc6 7. Qd2 a6 8. Nge2 Na5 9. Nc1 Nd7 10. Be2 c5 11. dxc5 Ne5 12. b3 dxc5 13. Bxc5 Qc7 14. Be3 Be6 15. Rb1 b5 16. Nd5 Bxd5 17. Qxd5 bxc4 18. Qc5 Qd8 19. Bd2 Nb7 20. Qe3 Rc8 21. bxc4 Nd6 22. Bb4 Ndxc4 23. Bxc4 Nxc4 24. Qd3 Qc7 25. 0-0 Rfd8 26. Qe2 Bd4+ 27. Kh1 Ne3 28. Qxa6 Qc2 29. Ne2 Nxf1 30. Rxf1 Bf6 31. Nf4 Ra8 32. Qb7 Qc4 33. Rb1 Rab8 0-1

[Event "Tianjin Binhai Cup 2nd"]
[Site "Tianjin"]
[Date "2020.01.15"]
[Round "5"]
[White "Li, Shanglin B"]
[Black "He, Ping"]
[Result "1-0"]
[WhiteElo "2166"]
[BlackElo "1812"]
[PlyCount "109"]
[EventDate "2020.01.13"]
[EventType "swiss"]
[EventRounds "9"]
[EventCountry "CHN"]
[SourceTitle "CBM 194 Extra"]
[Source "ChessBase"]
[SourceDate "2020.03.31"]
[SourceVersion "1"]
[SourceVersionDate "2020.03.31"]
[SourceQuality "1"]

1. d4 Nf6 2. c4 c5 3. Nf3 cxd4 4. Nxd4 e5 5. Nc2 d5 6. Bg5 Qa5+ 7. Qd2 Qxd2+ 8. Nxd2 dxc4 9. Bxf6 gxf6 10. e4 c3 11. bxc3 Be6 12. Ne3 Nd7 13. Rb1 0-0-0 14. Bc4 Nb6 15. Bb3 Rg8 16. Ke2 Nd7 17. g3 Nc5 18. Bd5 Bh6 19. Ndc4 Rd7 20. f3 Rgd8 21. g4 Rc7 22. Rb4 b5 23. Rxb5 Na4 24. Kd3 Nxc3 25. Kxc3 Bxe3 26. Rhb1 Bd4+ 27. Kd3 Kd7 28. Rb7 Rdc8 29. Rxc7+ Rxc7 30. Rb8 Rc8 31. Rb7+ Rc7 32. Rb8 Rc8 33. Bxe6+ fxe6 34. Rxc8 Kxc8 35. f4 Kd7 36. fxe5 fxe5 37. Nd2 Bc5 38. Nf3 Be7 39. Nxe5+ Kd6 40. Nf3 h6 41. Kc4 Bf6 42. h3 Bd8 43. e5+ Kd7 44. h4 Kc6 45. a4 Bb6 46. h5 Be3 47. g5 hxg5 48. h6 g4 49. h7 gxf3 50. h8Q f2 51. Qh1+ Kd7 52. Kd3 Bc5 53. Qf3 Kc7 54. Ke2 Kb6 55. Qb3+ 1-0

[Event "Asia Cup U14"]
[Site "Shenzhen"]
[Date "2019.12.24"]
[Round "7.1"]
[White "Li, Shanglin B"]
[Black "Zhang, Di"]
[Result "0-1"]
[WhiteElo "2020"]
[BlackElo "2013"]
[PlyCount "118"]
[EventDate "2019.12.19"]
[EventType "team-tourn"]
[EventRounds "9"]
[EventCountry "CHN"]
[SourceTitle "CBM 194 Extra"]
[Source "ChessBase"]
[SourceDate "2020.03.31"]
[SourceVersion "1"]
[SourceVersionDate "2020.03.31"]
[SourceQuality "1"]
[WhiteTeam "China III"]
[BlackTeam "China"]
[WhiteTeamCountry "CHN"]
[BlackTeamCountry "CHN"]

1. d4 d5 2. c4 dxc4 3. e3 e5 4. Bxc4 exd4 5. exd4 Bd6 6. Nf3 Nf6 7. 0-0 0-0 8. Nc3 Nc6 9. h3 h6 10. Re1 Bf5 11. a3 a6 12. d5 Ne7 13. Be3 Ng6 14. Nd4 Bc8 15. Ba2 Re8 16. Qc2 Nf8 17. Rad1 Re5 18. Bc4 Bd7 19. Nf3 Re8 20. Bd4 Rxe1+ 21. Rxe1 Ng6 22. Ba2 Nh5 23. Ne4 Bf5 24. Bb1 Nhf4 25. Qb3 Qc8 26. Nxd6 cxd6 27. Bxf5 Qxf5 28. Qxb7 Rf8 29. Qb3 h5 30. Qe3 Qxd5 31. g3 Ne6 32. Bc3 Qf5 33. Kh2 Rd8 34. Nd4 Nxd4 35. Bxd4 d5 36. b4 h4 37. Qe2 hxg3+ 38. fxg3 Nf8 39. Qxa6 Ne6 40. Bg1 Ng5 41. Qf1 Nf3+ 42. Kh1 d4 43. Rd1 d3 44. Kg2 Nh4+ 45. gxh4 Qg6+ 46. Kh1 d2 47. Qf3 Rd3 48. Qg2 Qe6 49. Kh2 Qe5+ 50. Kh1 Qe6 51. Qf2 Rxh3+ 52. Bh2 Qe4+ 53. Qg2 Qe1+ 54. Qg1 Qe4+ 55. Qg2 Qe1+ 56. Qf1 Re3 57. Kg2 Re2+ 58. Kg1 Qxd1 59. Qxd1 Re1+ 0-1

[Event "Asia Cup U14"]
[Site "Shenzhen"]
[Date "2019.12.20"]
[Round "2.1"]
[White "Li, Shanglin B"]
[Black "Hou, Yifan B"]
[Result "1/2-1/2"]
[WhiteElo "2020"]
[BlackElo "2124"]
[PlyCount "52"]
[EventDate "2019.12.19"]
[EventType "team-tourn"]
[EventRounds "9"]
[EventCountry "CHN"]
[SourceTitle "CBM 194 Extra"]
[Source "ChessBase"]
[SourceDate "2020.03.31"]
[SourceVersion "1"]
[SourceVersionDate "2020.03.31"]
[SourceQuality "1"]
[WhiteTeam "China III"]
[BlackTeam "China II"]
[WhiteTeamCountry "CHN"]
[BlackTeamCountry "CHN"]

1. d4 Nf6 2. c4 e6 3. Nc3 Bb4 4. Bd2 d5 5. e3 0-0 6. Nf3 b6 7. cxd5 exd5 8. Bd3 c5 9. a3 Bxc3 10. Bxc3 c4 11. Bc2 Bg4 12. Qd2 Ne4 13. Bxe4 dxe4 14. Ne5 Be6 15. d5 Qxd5 16. Qxd5 Bxd5 17. 0-0-0 Be6 18. Rd4 f6 19. Nxc4 Nc6 20. Rd6 Bxc4 21. Rxc6 Rac8 22. Rxc8 Rxc8 23. Rd1 Bd3 24. Kd2 Kf7 25. Rc1 Ke6 26. Ke1 Kf5 1/2-1/2

[Event "Asia Cup U14"]
[Site "Shenzhen"]
[Date "2019.12.19"]
[Round "1.1"]
[White "Wang, Benchi"]
[Black "Li, Shanglin B"]
[Result "0-1"]
[WhiteElo "1747"]
[BlackElo "2020"]
[PlyCount "80"]
[EventDate "2019.12.19"]
[EventType "team-tourn"]
[EventRounds "9"]
[EventCountry "CHN"]
[SourceTitle "CBM 194 Extra"]
[Source "ChessBase"]
[SourceDate "2020.03.31"]
[SourceVersion "1"]
[SourceVersionDate "2020.03.31"]
[SourceQuality "1"]
[WhiteTeam "China IV"]
[BlackTeam "China III"]
[WhiteTeamCountry "CHN"]
[BlackTeamCountry "CHN"]

1. d4 Nf6 2. Nf3 g6 3. c4 c6 4. g3 d5 5. cxd5 cxd5 6. Bg2 Bg7 7. 0-0 0-0 8. Ne5 Bf5 9. Nc3 Ne4 10. Qb3 Nc6 11. Nxc6 bxc6 12. Be3 Nd6 13. Na4 Nc4 14. Qc3 Rc8 15. b3 Nxe3 16. Qxe3 c5 17. Nxc5 e5 18. Rac1 exd4 19. Qd2 Qe7 20. b4 Rfd8 21. a3 h5 22. Nb3 Rc4 23. Na5 Rdc8 24. Nxc4 dxc4 25. Bd5 c3 26. Qd1 Qe5 27. Qb3 Rc7 28. Bc4 Bh6 29. Ra1 h4 30. a4 hxg3 31. hxg3 Bh3 32. Bd3 Be3 33. Kh2 Be6 34. Qc2 Qh5+ 35. Kg1 Qh3 36. Bxg6 Qxg3+ 37. Kh1 Qh3+ 38. Kg1 Qg4+ 39. Kh1 fxg6 40. fxe3 Rh7# 0-1